000 00698nam a2200229Ii 4500
003 JO-AjNU
008 230605s9999||||xx |||||||||||||| ||und||
017 _a2014/8418
020 _a978-977-727-069-5
040 _aJO-AjNU
_bara
_erda
_cJO-AjNU
041 _aara
050 1 4 _aTA175 2014
100 3 _aالشافعي، شريف فتحي,
_eauthor
_951925
245 0 0 _aالرسم الهندسي المدني
250 _aط1
264 3 1 _aالقاهرة: دار الكتب العمية للنشر ،2014
300 _a310ص
336 _atext
_btxt
_2rdacontent
337 _aunmediated
_bn
_2rdamedia
338 _avolume
_bnc
_2rdacarrier
650 4 _aالرسم الهندسي
_951926
999 _aA22971
_c26539
_d26539